[Event "Politiken Cup 2007"]
[Site "Helsingor"]
[Date "2007.07.28"]
[Round "9.124"]
[White "Brandt, Eivind"]
[Black "Baldursson, Gestur"]
[Result "1-0"]
[WhiteElo "1030"]
[BlackElo "1625"]
[PlyCount "107"]
[EventDate "2007.??.??"]

1. d4 d5 2. c4 e6 3. Nc3 Nf6 4. Bg5 Be7 5. e3 O-O 6. Nf3 Re8 7. Bd3 dxc4 8.
Bxc4 Nd5 9. Nxd5 exd5 10. Bxe7 Rxe7 11. Bb3 Bg4 12. Bc2 Nd7 13. Qd3 g6 14. Bd1
c6 15. O-O Nf6 16. Ne5 Bf5 17. Qa3 h5 18. b3 Nd7 19. Nf3 Nf6 20. Qb2 Qd6 21.
Bc2 Be4 22. Nh4 Ng4 23. g3 Nf6 24. Rae1 Rae8 25. Bxe4 Nxe4 26. b4 a6 27. Re2
Qf6 28. Ng2 g5 29. f4 Qg6 30. fxg5 Qxg5 31. Qc1 Nf6 32. Ref2 Ng4 33. Re2 Re4
34. a3 Nxe3 35. Rfe1 Rxd4 36. Rxe3 Rxe3 37. Qxe3 Qxe3+ 38. Rxe3 Kf8 39. h4 Rd1+
40. Kf2 Ra1 41. Nf4 b6 42. Nxh5 a5 43. bxa5 bxa5 44. Nf6 d4 45. Nd7+ Kg7 46.
Rd3 Ra2+ 47. Kf3 Kg6 48. Kf4 f6 49. Ke4 a4 50. Kxd4 Rb2 51. Nc5 Rb5 52. Nxa4
Rd5+ 53. Kc4 Re5 54. Nb6 1-0

[Event "Politiken Cup 2007"]
[Site "Helsingor"]
[Date "2007.07.28"]
[Round "9.125"]
[White "Lindgaard, Tobias S"]
[Black "Christiansen, Torsten Sundgaard"]
[Result "0-1"]
[WhiteElo "1244"]
[BlackElo "1658"]
[PlyCount "96"]
[EventDate "2007.??.??"]

1. c4 f5 2. Nf3 Nf6 3. b3 g6 4. Bb2 Bg7 5. e3 c5 6. Nc3 Nc6 7. a3 d6 8. Be2 O-O
9. h4 h5 10. Nd5 Nxd5 11. Bxg7 Nxe3 12. dxe3 Kxg7 13. Ng5 Qa5+ 14. Kf1 Qc3 15.
Rc1 Qe5 16. Bxh5 gxh5 17. Qxh5 Rh8 18. Qf7+ Kh6 19. h5 Qf6 20. Qxf6+ exf6 21.
Nf7+ Kh7 22. Nxh8 Kxh8 23. Rd1 Bd7 24. Rxd6 Be8 25. Rxf6 Rd8 26. Ke2 Na5 27. h6
b5 28. h7 Bc6 29. Rg6 bxc4 30. bxc4 Nxc4 31. Rxc6 Rd2+ 32. Kf3 Ne5+ 33. Kg3
Nxc6 34. Rc1 Rd5 35. f3 Kxh7 36. e4 fxe4 37. fxe4 Re5 38. Kf4 Kg6 39. Rd1 Kf6
40. g4 Nd4 41. Rh1 Ne6+ 42. Ke3 Rg5 43. Rf1+ Ke7 44. Rg1 Kd6 45. Rd1+ Kc6 46.
Rg1 c4 47. Rc1 Kc5 48. Rc3 Rxg4 0-1

[Event "Politiken Cup 2007"]
[Site "Helsingor"]
[Date "2007.07.28"]
[Round "9.126"]
[White "Erikstad, Olav"]
[Black "Ryberg, Denis"]
[Result "1-0"]
[WhiteElo "1936"]
[BlackElo "1410"]
[PlyCount "119"]
[EventDate "2007.??.??"]

1. e4 c5 2. Nc3 Nc6 3. g3 g6 4. Bg2 Bg7 5. d3 d6 6. Nf3 Bg4 7. h3 Bxf3 8. Bxf3
Nd4 9. Bg2 e6 10. Ne2 Qa5+ 11. Bd2 Qb6 12. Nxd4 Bxd4 13. c3 Bg7 14. Qa4+ Qc6
15. Qxc6+ bxc6 16. Rb1 Ne7 17. Ke2 Kd7 18. Rhc1 Rab8 19. Rc2 d5 20. c4 Rhc8 21.
Be3 d4 22. Bc1 e5 23. b3 f5 24. Ba3 Kd6 25. Rcb2 Rc7 26. b4 cxb4 27. Rxb4 Rxb4
28. Bxb4+ c5 29. Ba5 Rc6 30. exf5 Ra6 31. Rb5 gxf5 32. Bb7 Rc6 33. Bxc6 Nxc6
34. Rb7 Bf6 35. Bd2 h6 36. Bxh6 Bd8 37. Bf8+ Ke6 38. Bxc5 e4 39. Bxa7 exd3+ 40.
Kxd3 Ba5 41. Bxd4 Nb4+ 42. Rxb4 Bxb4 43. c5 Kd5 44. h4 Bxc5 45. Bxc5 Kxc5 46.
Ke3 Kc4 47. Kf4 Kc3 48. Kxf5 Kd2 49. h5 Ke1 50. f4 Kf2 51. g4 Kg3 52. h6 Kh4
53. h7 Kh3 54. h8=Q+ Kg3 55. Kg5 Kf3 56. Qd4 Kg3 57. Qe3+ Kh2 58. Kh4 Kg2 59.
Qe2+ Kh1 60. Kg3 1-0

[Event "Politiken Cup 2007"]
[Site "Helsingor"]
[Date "2007.07.28"]
[Round "9.127"]
[White "Hansen, Henrik Damgaard"]
[Black "Larsen, Alex"]
[Result "1-0"]
[WhiteElo "1904"]
[BlackElo "1336"]
[PlyCount "77"]
[EventDate "2007.??.??"]

1. e4 c5 2. c3 d5 3. exd5 Qxd5 4. d4 e6 5. Nf3 Nf6 6. Be2 Be7 7. O-O O-O 8. a3
b6 9. Ne5 Ne4 10. Re1 f5 11. Bf3 Ba6 12. Nd2 Nd7 13. Nxd7 Qxd7 14. Nxe4 fxe4
15. Bxe4 Rab8 16. Qh5 Rf5 17. Bxf5 exf5 18. Bf4 Rf8 19. Rad1 Bb7 20. dxc5 Qc6
21. Qh3 Bxc5 22. b4 Bxf2+ 23. Kxf2 Qc4 24. Qe3 Be4 25. Rd4 Qa2+ 26. Qd2 Qf7 27.
Rd8 h6 28. Rxf8+ Qxf8 29. Qd6 Qf7 30. Qd2 Qg6 31. Kg1 h5 32. Bg5 h4 33. h3 Kf7
34. Qf4 b5 35. Qxh4 Kg8 36. Rd1 Qb6+ 37. Qf2 Qg6 38. Rd8+ Kh7 39. Qh4+ 1-0

[Event "Politiken Cup 2007"]
[Site "Helsingor"]
[Date "2007.07.28"]
[Round "9.128"]
[White "Hinman, Chris"]
[Black "Christensen, Christoffer E"]
[Result "1-0"]
[WhiteElo "1478"]
[BlackElo "1581"]
[PlyCount "73"]
[EventDate "2007.??.??"]

1. c4 e6 2. g3 d5 3. Bg2 Nf6 4. Nf3 c6 5. O-O Be7 6. Qc2 Nbd7 7. d4 O-O 8. cxd5
exd5 9. Nc3 Re8 10. Bd2 Bd6 11. Rae1 Nf8 12. a3 Bg4 13. Nh4 Qd7 14. f3 Bh5 15.
e4 dxe4 16. fxe4 Bc7 17. d5 cxd5 18. Rxf6 gxf6 19. Nxd5 Be5 20. Bc3 Qd6 21. Rf1
Nd7 22. Bh3 Kh8 23. Bxd7 Qxd7 24. Nxf6 Bd4+ 25. Kg2 Bxf6 26. Rxf6 Kg8 27. Nf5
h6 28. Rxh6 f6 29. Bxf6 Rac8 30. Qb3+ Re6 31. Rh8+ Kf7 32. Rh7+ Ke8 33. Rxd7
Kxd7 34. Qd5+ Kc7 35. Qxe6 Bg4 36. Be5+ Kd8 37. Qe7# 1-0

[Event "Politiken Cup 2007"]
[Site "Helsingor"]
[Date "2007.07.28"]
[Round "9.129"]
[White "Larsen, Bjarke"]
[Black "Hlynsson, Hugi"]
[Result "1-0"]
[WhiteElo "1395"]
[BlackElo "1560"]
[PlyCount "41"]
[EventDate "2007.??.??"]

1. e4 c5 2. Nf3 Nc6 3. d4 cxd4 4. Nxd4 e6 5. Nc3 Bc5 6. Be3 Qf6 7. Ncb5 Bxd4 8.
Nxd4 Nge7 9. Qd2 O-O 10. O-O-O a6 11. f4 Nxd4 12. Bxd4 Qg6 13. Bd3 b5 14. Rhf1
Bb7 15. Rf3 f5 16. Rg3 Qf7 17. Rxg7+ Qxg7 18. Bxg7 Kxg7 19. exf5 Nxf5 20. Bxf5
Rxf5 21. Qxd7+ 1-0

[Event "Politiken Cup 2007"]
[Site "Helsingor"]
[Date "2007.07.28"]
[Round "9.130"]
[White "Clausen, Jørgen"]
[Black "Agdestein, Einar Døving"]
[Result "0-1"]
[WhiteElo "1543"]
[BlackElo "1314"]
[PlyCount "72"]
[EventDate "2007.??.??"]

1. d4 e6 2. c4 Nf6 3. Nc3 Bb4 4. e3 Bxc3+ 5. bxc3 b6 6. Nf3 c5 7. Bd3 O-O 8.
Ba3 d6 9. Rb1 Nbd7 10. Qc2 Bb7 11. Ng5 h6 12. Nf3 Qe7 13. Rb3 e5 14. Be2 Bc6
15. Rb1 Be4 16. Bd3 Bxd3 17. Qxd3 e4 18. Qe2 exf3 19. gxf3 Rfe8 20. Rg1 Nf8 21.
Bc1 Rac8 22. e4 cxd4 23. Bxh6 Ng6 24. Bd2 dxc3 25. Bxc3 d5 26. Bxf6 Qxf6 27.
cxd5 Nf4 28. Qd2 Qc3 29. Kd1 Qxd2+ 30. Kxd2 Rc5 31. Ke3 Nxd5+ 32. Kd4 Nf6 33.
h4 Rd8+ 34. Ke3 Rc3+ 35. Kf4 Rdd3 36. Rg3 Nh5+ 0-1

[Event "Politiken Cup 2007"]
[Site "Helsingor"]
[Date "2007.07.28"]
[Round "9.131"]
[White "Nielsen, Poul Bang"]
[Black "Larsen, Bror Johannes"]
[Result "0-1"]
[WhiteElo "1506"]
[BlackElo "1048"]
[PlyCount "128"]
[EventDate "2007.??.??"]

1. e4 e6 2. d3 d5 3. Nc3 c5 4. g3 Nf6 5. Bg2 d4 6. Nce2 e5 7. Nh3 Nc6 8. O-O
Be7 9. f4 Bg4 10. a3 O-O 11. f5 b5 12. b3 Qd7 13. Nf2 Rad8 14. h3 Bxe2 15. Qxe2
Ne8 16. g4 Bh4 17. g5 Nd6 18. Ng4 Ne8 19. Qf3 f6 20. g6 Bg5 21. gxh7+ Kxh7 22.
Bxg5 fxg5 23. Qg3 Qe7 24. Kh2 Nd6 25. Rh1 Rh8 26. Raf1 Rdf8 27. Rf2 Kg8 28.
Rhf1 Ne8 29. b4 Nf6 30. Nxf6+ gxf6 31. bxc5 Qxc5 32. Rh1 Rf7 33. Kg1 Rfh7 34.
Bf3 Qxa3 35. Rfh2 Qc1+ 36. Kf2 Qe3+ 37. Kg2 Qd2+ 38. Qf2 Qxf2+ 39. Kxf2 a5 40.
Bg2 a4 41. Ra1 Ra7 42. Rhh1 b4 43. Rhb1 Kf7 44. Ra2 Rb8 45. Bf3 b3 46. cxb3
Rxb3 47. Rc1 Nb4 48. Bh5+ Ke7 49. Rd2 Nxd3+ 50. Rxd3 Rxd3 51. Rc6 Rc3 52. Re6+
Kd8 53. Rxf6 a3 54. Rf8+ Kc7 55. Rf7+ Kb6 56. Rxa7 Kxa7 57. Bf7 Rc2+ 58. Kg3 a2
59. Bxa2 Rxa2 60. Kg4 d3 61. Kf3 Re2 62. f6 Rc2 63. f7 Rc8 64. Ke3 Rf8 0-1

[Event "Politiken Cup 2007"]
[Site "Helsingor"]
[Date "2007.07.28"]
[Round "9.132"]
[White "Hrafnkelsson, Gisli"]
[Black "Nielsen, Bjørn"]
[Result "1-0"]
[WhiteElo "1505"]
[BlackElo "1110"]
[PlyCount "89"]
[EventDate "2007.??.??"]

1. e4 e5 2. Bc4 Nf6 3. Nc3 Bc5 4. Nf3 Nc6 5. d3 O-O 6. Bg5 Be7 7. Qd2 d6 8.
O-O-O Bg4 9. h3 Bd7 10. g4 b6 11. Nh4 Bc8 12. Nf5 Bxf5 13. gxf5 Nd7 14. Bxe7
Qxe7 15. Nd5 Qh4 16. Bb5 Na5 17. Bxd7 c6 18. Nb4 Qh6 19. Qxh6 gxh6 20. Bxc6
Nxc6 21. Nxc6 f6 22. Ne7+ Kf7 23. Nd5 b5 24. Rhg1 Rg8 25. Kd2 Rac8 26. f4 Rge8
27. fxe5 dxe5 28. Rg2 Rg8 29. Rdg1 Rg5 30. h4 Rxg2+ 31. Rxg2 a5 32. c3 Rc5 33.
d4 exd4 34. cxd4 Rc4 35. Kd3 Rc1 36. e5 fxe5 37. dxe5 Re1 38. e6+ Kf8 39. Re2
Rf1 40. e7+ Ke8 41. Nf6+ Kf7 42. e8=Q+ Kxf6 43. Qe6+ Kg7 44. Rg2+ Kf8 45. Rg8#
1-0

[Event "Politiken Cup 2007"]
[Site "Helsingor"]
[Date "2007.07.28"]
[Round "9.133"]
[White "Gasenova, Ulker"]
[Black "Brandt, Jan-Erik"]
[Result "0-1"]
[WhiteElo "1400"]
[BlackElo "1000"]
[PlyCount "106"]
[EventDate "2007.??.??"]

1. e4 e5 2. Nf3 d6 3. d4 exd4 4. Nxd4 Bd7 5. Nc3 a6 6. a4 Nc6 7. Bc4 Ne5 8. Be2
Nf6 9. f4 Neg4 10. h3 Nh6 11. O-O Be7 12. Kh1 c5 13. Nf3 Bc6 14. Ng5 Qc7 15.
Bf3 O-O 16. Qd3 Rad8 17. Qe2 Rfe8 18. b3 Bf8 19. Bb2 Nf5 20. Qf2 Nd4 21. Rae1
h6 22. Nd5 Bxd5 23. exd5 Rxe1 24. Rxe1 hxg5 25. fxg5 Nh7 26. h4 Qd7 27. Be4 g6
28. Qg3 Bg7 29. Qd3 f5 30. gxf6 Nxf6 31. Bxg6 Qg4 32. h5 Qh4+ 33. Qh3 Qxe1+ 34.
Kh2 Qe5+ 35. Kh1 Qe1+ 36. Kh2 Qe2 37. h6 Ng4+ 38. Kg3 Qe3+ 39. Kxg4 Qxh3+ 40.
Kxh3 Bxh6 41. g4 Bg5 42. Kg3 Rf8 43. Bh5 Kg7 44. c3 Nxb3 45. c4+ Kh6 46. Bc3
Kh7 47. Kh3 Rf3+ 48. Kg2 Rxc3 49. Kf2 Rxc4 50. Kg3 Rxa4 51. Kh3 c4 52. Kg2 Ra2+
53. Kf1 c3 0-1

[Event "Politiken Cup 2007"]
[Site "Helsingor"]
[Date "2007.07.28"]
[Round "9.134"]
[White "Olafsson, Olafur Junior"]
[Black "Jensen, Hans Askov"]
[Result "1/2-1/2"]
[WhiteElo "1300"]
[BlackElo "1319"]
[PlyCount "94"]
[EventDate "2007.??.??"]

1. e4 c6 2. d4 d5 3. e5 Bf5 4. Bd3 Bxd3 5. Qxd3 e6 6. f4 Ne7 7. Nf3 Nd7 8. O-O
Nf5 9. c3 c5 10. g4 Nh4 11. Nxh4 Qxh4 12. Qg3 Qe7 13. Be3 h5 14. g5 h4 15. Qg4
c4 16. Bf2 h3 17. Bh4 O-O-O 18. Qxh3 f6 19. Qg4 f5 20. Qg3 g6 21. Qf2 Qh7 22.
Bg3 Be7 23. Nd2 Qh5 24. b3 Nb6 25. bxc4 Qg4 26. c5 Nc4 27. Nxc4 dxc4 28. Qf3
Rh4 29. Rab1 Qxf3 30. Rxf3 Rh3 31. Rb4 Kc7 32. Rf1 Kc6 33. Rfb1 Rd7 34. Rb5 Rh8
35. Kf2 Rc8 36. a4 Rcc7 37. Kf3 Bd8 38. h4 Rh7 39. R1b4 Rcd7 40. Rb1 a6 41.
R5b2 Kd5 42. Rh2 Kc6 43. Rbh1 Rh5 44. Rd1 Kd5 45. Rb2 Ba5 46. Be1 Bd8 47. Rdb1
Rhh7 1/2-1/2

[Event "Politiken Cup 2007"]
[Site "Helsingor"]
[Date "2007.07.28"]
[Round "9.135"]
[White "Zmylon, Frederik Nielsen"]
[Black "Edwardsson, Hannu Kalervo"]
[Result "0-1"]
[WhiteElo "1174"]
[BlackElo "1300"]
[PlyCount "78"]
[EventDate "2007.??.??"]

1. d4 d6 2. Nf3 e6 3. Nc3 Nf6 4. e4 Be7 5. Be3 O-O 6. Be2 b6 7. O-O Bb7 8. e5
dxe5 9. dxe5 Nd5 10. Nxd5 Qxd5 11. c4 Qxd1 12. Raxd1 Rd8 13. Bg5 Bxg5 14. Nxg5
Nc6 15. Nh3 Nxe5 16. f4 Ng6 17. Rf3 Bxf3 18. Bxf3 Rab8 19. Rb1 h6 20. Nf2 Rd4
21. f5 exf5 22. b3 Rbd8 23. a4 c5 24. h3 Rd2 25. Rc1 Rb2 26. Rc3 Rdd2 27. Nd1
Nh4 28. Nxb2 Nxf3+ 29. Rxf3 Rxb2 30. Kh2 g6 31. Re3 Kg7 32. Rd3 Kf6 33. Rd6+
Ke5 34. Rd5+ Ke4 35. Rd1 Rxb3 36. Re1+ Kd4 37. Rf1 Kxc4 38. Rf4+ Kc3 39. Rf3+
Kb2 0-1

[Event "Politiken Cup 2007"]
[Site "Helsingor"]
[Date "2007.07.29"]
[Round "10.5"]
[White "Schandorff, Lars"]
[Black "Berg, Emanuel"]
[Result "0-1"]
[WhiteElo "2521"]
[BlackElo "2580"]
[PlyCount "84"]
[EventDate "2007.??.??"]

1. d4 Nf6 2. c4 c5 3. d5 e6 4. Nc3 exd5 5. cxd5 d6 6. e4 g6 7. h3 Bg7 8. Nf3
O-O 9. Bd3 b5 10. Bxb5 Nxe4 11. Nxe4 Qa5+ 12. Nfd2 Qxb5 13. Nxd6 Qa6 14. N2c4
Rd8 15. Bf4 Bf8 16. Qe2 Bb7 17. Nxb7 Qxb7 18. O-O-O Nd7 19. Na5 Qb6 20. Nc6 Re8
21. Qc4 Qb7 22. Na5 Qc8 23. Rhe1 Rxe1 24. Rxe1 Nb6 25. Qd3 c4 26. Qd2 c3 27.
bxc3 Qf5 28. Kb2 Bg7 29. g4 Qd7 30. Re4 Qb5+ 31. Nb3 Rc8 32. Kb1 Nc4 33. Qe1
Na3+ 34. Kb2 Bxc3+ 35. Qxc3 Rxc3 36. Kxc3 Qxd5 37. Re8+ Kg7 38. Re3 Qc4+ 39.
Kb2 Qxf4 40. Kxa3 Qxf2 41. Rc3 f5 42. gxf5 gxf5 0-1

[Event "Politiken Cup 2007"]
[Site "Helsingor"]
[Date "2007.07.29"]
[Round "10.7"]
[White "Stripunsky, Alexander"]
[Black "Holzke, Frank"]
[Result "1-0"]
[WhiteElo "2589"]
[BlackElo "2489"]
[PlyCount "65"]
[EventDate "2007.??.??"]

1. c4 c5 2. b3 Nc6 3. Bb2 e5 4. e3 Nf6 5. Nc3 Be7 6. Nge2 O-O 7. Ng3 d6 8. Be2
Be6 9. O-O d5 10. cxd5 Nxd5 11. Bc4 Nxc3 12. Bxc3 Bxc4 13. bxc4 f5 14. Qc2 Qd7
15. Rab1 f4 16. Ne4 f3 17. gxf3 Rxf3 18. Kh1 Qf5 19. d3 Bh4 20. Rxb7 g6 21. Qe2
Rf8 22. Be1 Nb4 23. Rg1 Bxf2 24. Bxf2 Rxf2 25. Nxf2 Qxf2 26. Qxf2 Rxf2 27. d4
Nd3 28. dxc5 Rc2 29. c6 Nf2+ 30. Kg2 Ne4+ 31. Kf3 Nd2+ 32. Ke2 Nb1+ 33. Kd1 1-0

[Event "Politiken Cup 2007"]
[Site "Helsingor"]
[Date "2007.07.29"]
[Round "10.8"]
[White "Pedersen, Christian Kyndel"]
[Black "Hillarp Persson, Tiger"]
[Result "1-0"]
[WhiteElo "2392"]
[BlackElo "2568"]
[PlyCount "67"]
[EventDate "2007.??.??"]

1. e4 c5 2. Nf3 d6 3. d4 cxd4 4. Nxd4 Nf6 5. Nc3 a6 6. Be2 Nbd7 7. O-O g6 8. a4
Bg7 9. Be3 b6 10. Nc6 Qc7 11. Nb4 Bb7 12. Nbd5 Qd8 13. Qd2 O-O 14. Rad1 Rc8 15.
Bd4 e6 16. Nxf6+ Nxf6 17. Qe3 Rc6 18. Bf3 Nd7 19. Bxg7 Kxg7 20. e5 d5 21. Rfe1
Rc4 22. Be2 Rb4 23. b3 Qe7 24. Bf3 g5 25. h3 Rc8 26. Ne2 Rxc2 27. Nd4 Rc8 28.
Rc1 Rc5 29. g3 h6 30. Nc2 d4 31. Nxd4 Rxe5 32. Qc3 Rxe1+ 33. Rxe1 Bxf3 34. Nf5+
1-0

[Event "Politiken Cup 2007"]
[Site "Helsingor"]
[Date "2007.07.29"]
[Round "10.9"]
[White "Hammer, Jon Ludvig"]
[Black "Hector, Jonny"]
[Result "0-1"]
[WhiteElo "2412"]
[BlackElo "2550"]
[PlyCount "74"]
[EventDate "2007.??.??"]

1. d4 d5 2. c4 c6 3. e3 Nf6 4. Nf3 Bf5 5. Nc3 e6 6. cxd5 exd5 7. Ne5 Nbd7 8.
Bd3 Bxd3 9. Nxd3 Bd6 10. b4 O-O 11. a4 Ne4 12. Qb3 Qg5 13. O-O Ndf6 14. f3 Qh5
15. Ne5 Nxc3 16. Qxc3 Nd7 17. Bb2 Nb6 18. g3 a6 19. a5 Nc8 20. Nd7 Re8 21. Nc5
Qg5 22. Rae1 Na7 23. e4 Nb5 24. Qd3 Qg6 25. Kg2 Bxc5 26. bxc5 Re7 27. Re3 dxe4
28. fxe4 Rae8 29. Rfe1 Nc7 30. h4 Nd5 31. exd5 Qxd3 32. Rxe7 Qd2+ 33. Kh3 Qxe1
34. Rxe1 Rxe1 35. d6 Kf8 36. d5 cxd5 37. Bxg7+ Ke8 0-1

[Event "Politiken Cup 2007"]
[Site "Helsingor"]
[Date "2007.07.29"]
[Round "10.10"]
[White "Lie, Kjetil A"]
[Black "Olsen, Heini"]
[Result "1-0"]
[WhiteElo "2536"]
[BlackElo "2350"]
[PlyCount "75"]
[EventDate "2007.??.??"]

1. e4 e5 2. Nf3 Nc6 3. Bc4 Nf6 4. d3 Be7 5. O-O O-O 6. Re1 d6 7. c3 Na5 8. Bb5
a6 9. Ba4 c5 10. Nbd2 Qc7 11. Nf1 Be6 12. Bg5 h6 13. Bh4 Rad8 14. h3 Nh5 15.
Bxe7 Qxe7 16. b4 cxb4 17. cxb4 Nc6 18. d4 Bd7 19. Ne3 Nxb4 20. Bxd7 Qxd7 21. d5
Nf4 22. g3 Nbd3 23. gxf4 Nxe1 24. Nxe1 exf4 25. Nf5 g6 26. Nxh6+ Kh7 27. Ng4 f5
28. exf5 gxf5 29. Nh2 Qf7 30. Ng2 Rde8 31. Rb1 Re4 32. Nf3 Rg8 33. h4 Qh5 34.
Ng5+ Rxg5 35. hxg5 f3 36. Rxb7+ Kg6 37. Qa1 Kxg5 38. Rg7+ 1-0

[Event "Politiken Cup 2007"]
[Site "Helsingor"]
[Date "2007.07.29"]
[Round "10.11"]
[White "Zude, Erik Dr"]
[Black "Rohit, G."]
[Result "1-0"]
[WhiteElo "2399"]
[BlackElo "2470"]
[PlyCount "63"]
[EventDate "2007.??.??"]

1. d4 Nf6 2. c4 e6 3. Nc3 Bb4 4. e3 O-O 5. Bd3 d5 6. cxd5 exd5 7. Nge2 Re8 8.
Bd2 Bd6 9. Rc1 c6 10. O-O Ng4 11. g3 Nd7 12. Qc2 Ndf6 13. Nd1 Qd7 14. f3 Nxh2
15. Rf2 Nxf3+ 16. Rxf3 Qg4 17. Rf2 Ne4 18. Rg2 Qf3 19. Bxe4 dxe4 20. Rh2 h5 21.
Ndc3 h4 22. Rf1 hxg3 23. Rh4 f5 24. Rxf3 exf3 25. Nf4 f2+ 26. Kg2 Be6 27. Nxe6
Rxe6 28. Qxf5 Rf6 29. Qh7+ Kf7 30. Rh1 Rd8 31. e4 Rg6 32. Qh5 1-0

[Event "Politiken Cup 2007"]
[Site "Helsingor"]
[Date "2007.07.29"]
[Round "10.12"]
[White "Thomassen, Joachim"]
[Black "Rasmussen, Allan Stig"]
[Result "0-1"]
[WhiteElo "2075"]
[BlackElo "2450"]
[PlyCount "70"]
[EventDate "2007.??.??"]

1. e4 c6 2. d4 d5 3. Nc3 dxe4 4. Nxe4 Nd7 5. Ng5 Ngf6 6. Bd3 e6 7. N1f3 Bd6 8.
Qe2 h6 9. Ne4 Nxe4 10. Qxe4 Nf6 11. Qe2 Qc7 12. Bd2 b6 13. O-O-O Bb7 14. Ne5 c5
15. Bb5+ Ke7 16. dxc5 bxc5 17. f4 Rhd8 18. Rhe1 Kf8 19. Kb1 Ne4 20. Bd3 Nxd2+
21. Rxd2 Bxe5 22. fxe5 c4 23. Be4 c3 24. Rd3 Rxd3 25. cxd3 cxb2 26. Bxb7 Qxb7
27. Qxb2 Qd5 28. d4 Rd8 29. Rd1 Qe4+ 30. Qc2 Rb8+ 31. Kc1 Qf4+ 32. Rd2 Qxh2 33.
Qc5+ Kg8 34. Qxa7 Qg1+ 35. Rd1 Rc8+ 0-1

[Event "Politiken Cup 2007"]
[Site "Helsingor"]
[Date "2007.07.29"]
[Round "10.14"]
[White "Jepson, Christian"]
[Black "Skytte, Rasmus"]
[Result "1/2-1/2"]
[WhiteElo "2374"]
[BlackElo "2416"]
[PlyCount "52"]
[EventDate "2007.??.??"]

1. d4 d5 2. Nf3 Nf6 3. c4 c6 4. Nc3 a6 5. c5 Nbd7 6. Bf4 Nh5 7. e3 g6 8. Bd3
Bg7 9. O-O Nxf4 10. exf4 Nf8 11. h3 Qc7 12. Qa4 Be6 13. Ne2 Bh6 14. b4 Rc8 15.
Ng5 Qd7 16. Qc2 Bg7 17. a4 h6 18. Nf3 Bxh3 19. gxh3 Qxh3 20. Ne5 Bxe5 21. fxe5
Ne6 22. f4 Qg4+ 23. Kh2 Qh4+ 24. Kg1 Qg4+ 25. Kh2 Qh4+ 26. Kg1 Qg4+ 1/2-1/2

[Event "Politiken Cup 2007"]
[Site "Helsingor"]
[Date "2007.07.29"]
[Round "10.15"]
[White "Cmilyte, Viktorija"]
[Black "Blomqvist, Erik"]
[Result "1-0"]
[WhiteElo "2467"]
[BlackElo "2313"]
[PlyCount "93"]
[EventDate "2007.??.??"]

1. d4 d5 2. c4 c6 3. Nc3 Nf6 4. Nf3 dxc4 5. a4 Bf5 6. Ne5 e6 7. g3 Bb4 8. Bg2
Be4 9. f3 Bg6 10. O-O O-O 11. e4 c5 12. Na2 a5 13. Nxb4 axb4 14. dxc5 Nbd7 15.
Nxc4 Nxc5 16. Qxd8 Rfxd8 17. Nb6 Nb3 18. Nxa8 Nxa1 19. Nb6 Nb3 20. Bf4 Kf8 21.
Re1 Ke7 22. Bf1 Nd7 23. Nxd7 Rxd7 24. Bb5 Nd4 25. Be2 Nxe2+ 26. Rxe2 b3 27. Bd2
Rd3 28. Kf2 f6 29. Bb4+ Ke8 30. Re3 Rxe3 31. Kxe3 f5 32. e5 h5 33. h4 Bh7 34.
Kf4 Bg6 35. Kg5 Bf7 36. a5 Kd7 37. Bf8 g6 38. Kf6 Be8 39. Bd6 Kc6 40. Ke7 g5
41. Kxe8 f4 42. hxg5 fxg3 43. Bb8 h4 44. g6 h3 45. g7 h2 46. g8=Q h1=Q 47.
Qxe6+ 1-0

[Event "Politiken Cup 2007"]
[Site "Helsingor"]
[Date "2007.07.29"]
[Round "10.16"]
[White "Ivanov, Mikhail M"]
[Black "Hagen, Andreas Skytte"]
[Result "1-0"]
[WhiteElo "2455"]
[BlackElo "2256"]
[PlyCount "93"]
[EventDate "2007.??.??"]

1. Nf3 c5 2. c4 Nf6 3. Nc3 b6 4. e4 d6 5. d4 cxd4 6. Nxd4 Bb7 7. f3 a6 8. Be3
e6 9. Be2 Be7 10. O-O O-O 11. Qd2 Re8 12. Rfd1 Bf8 13. Nb3 Nbd7 14. Bf1 Qc7 15.
Kh1 Rab8 16. Rac1 Ba8 17. Qf2 Ne5 18. Nd2 Nfd7 19. b4 Qb7 20. a3 Rec8 21. h3
Nf6 22. f4 Ned7 23. Be2 Rc7 24. Bd4 Qc8 25. e5 Ne8 26. Nde4 d5 27. cxd5 Bxd5
28. Qe3 Bb3 29. Rf1 Bc4 30. Bxc4 Rxc4 31. f5 Nc7 32. Nd6 Bxd6 33. exd6 Nd5 34.
Nxd5 exd5 35. Rcd1 Qf8 36. Qg3 h5 37. Ba1 h4 38. Qd3 b5 39. Qxd5 Nb6 40. Qd3
Rd8 41. f6 g6 42. Be5 Rd7 43. Bh2 Rc8 44. Rfe1 Rcd8 45. Re7 Nc4 46. Qe4 Nxa3
47. Qc6 1-0

[Event "Politiken Cup 2007"]
[Site "Helsingor"]
[Date "2007.07.29"]
[Round "10.18"]
[White "Ziska, Helgi Dam"]
[Black "Bleis, Christian Dr"]
[Result "1-0"]
[WhiteElo "2408"]
[BlackElo "2246"]
[PlyCount "35"]
[EventDate "2007.??.??"]

1. e4 c6 2. d4 d5 3. f3 dxe4 4. fxe4 e5 5. Nf3 Bg4 6. Bc4 Nd7 7. O-O Qe7 8. c3
Nb6 9. Bxf7+ Qxf7 10. Nxe5 Bxd1 11. Nxf7 Be2 12. Rf2 Bc4 13. Nxh8 g6 14. Nd2
Be6 15. Nf3 Nh6 16. Ne5 Nd7 17. Nxd7 Kxd7 18. Nxg6 1-0

[Event "Politiken Cup 2007"]
[Site "Helsingor"]
[Date "2007.07.29"]
[Round "10.19"]
[White "Urkedal, Frode"]
[Black "Lund, Esben"]
[Result "1-0"]
[WhiteElo "2235"]
[BlackElo "2396"]
[PlyCount "81"]
[EventDate "2007.??.??"]

1. d4 Nf6 2. Bg5 e6 3. Nf3 h6 4. Bh4 c5 5. e3 b6 6. Nbd2 Bb7 7. c3 Be7 8. Bd3
cxd4 9. cxd4 Nc6 10. O-O O-O 11. a3 Nd5 12. Bg3 f5 13. e4 fxe4 14. Nxe4 Nf4 15.
Bb1 Rc8 16. Nc3 Bd6 17. Qc2 Rf5 18. d5 Ne7 19. Nh4 Rxc3 20. bxc3 Bxd5 21. Nxf5
Nxf5 22. Qd2 Qg5 23. Bxf5 Qxf5 24. f3 h5 25. c4 h4 26. Bxf4 Bxf4 27. Qe2 Bc6
28. Rad1 Qc5+ 29. Kh1 Bc7 30. Qf2 Qxc4 31. Rd4 Qa6 32. Rxh4 Qxa3 33. Qc2 Qe7
34. Qh7+ Kf7 35. Qh5+ Kg8 36. Qh7+ Kf7 37. f4 Be4 38. f5 exf5 39. Rxe4 Qxe4 40.
Rxf5+ Ke6 41. Qg6+ 1-0

[Event "Politiken Cup 2007"]
[Site "Helsingor"]
[Date "2007.07.29"]
[Round "10.20"]
[White "Olsson, Linus"]
[Black "Coleman, Teddy"]
[Result "1-0"]
[WhiteElo "2377"]
[BlackElo "2248"]
[PlyCount "75"]
[EventDate "2007.??.??"]

1. Nf3 b5 2. e4 Bb7 3. d3 c5 4. g3 e6 5. Bg2 Nf6 6. O-O d6 7. Re1 Be7 8. Nbd2
O-O 9. c3 Nc6 10. a3 a5 11. h4 a4 12. Nf1 Na5 13. N3h2 e5 14. Rb1 Qc7 15. g4
Nb3 16. Bg5 Ne8 17. Bxe7 Qxe7 18. g5 f6 19. Ne3 fxg5 20. Nf5 Rxf5 21. exf5 Bxg2
22. Kxg2 gxh4 23. Qg4 Nf6 24. Qxh4 Qb7+ 25. f3 Nd5 26. Rbd1 Nf4+ 27. Kh1 Rf8
28. Rg1 b4 29. Rg4 bxc3 30. bxc3 Qd7 31. Rdg1 Rf7 32. Rg5 Qb7 33. R5g4 Qd7 34.
f6 g6 35. Rxf4 exf4 36. Ng4 Rf8 37. Re1 h5 38. Qg5 1-0

[Event "Politiken Cup 2007"]
[Site "Helsingor"]
[Date "2007.07.29"]
[Round "10.21"]
[White "Teplyi, Igor"]
[Black "Rasmussen, Casper"]
[Result "1-0"]
[WhiteElo "2250"]
[BlackElo "2351"]
[PlyCount "123"]
[EventDate "2007.??.??"]

1. d4 d5 2. Nf3 Nf6 3. c4 c6 4. Nc3 dxc4 5. a4 Bf5 6. e3 e6 7. Bxc4 Bb4 8. O-O
O-O 9. Qe2 Bg6 10. Ne5 Nbd7 11. Nxg6 hxg6 12. Rd1 Qa5 13. Qc2 Rad8 14. Na2 Bd6
15. Be2 e5 16. dxe5 Qxe5 17. g3 Ne4 18. Nc3 Nxc3 19. Qxc3 Nc5 20. Qc2 Qf5 21.
Qxf5 gxf5 22. Ra3 a5 23. Bd2 Be5 24. Bxa5 Rxd1+ 25. Bxd1 Bxb2 26. Ra2 Bf6 27.
Bc2 Ra8 28. Bb4 Na6 29. Be1 g6 30. Kf1 Kf8 31. Ke2 Ke7 32. Bb3 Be5 33. h4 Bd6
34. Bc4 Nc5 35. a5 Ne4 36. Rb2 Ra7 37. Rb1 Bc7 38. Bb4+ Bd6 39. Be1 Be5 40. Kd3
Kf6 41. Kc2 Bc7 42. f3 Nxg3 43. Rd1 Ke7 44. Bb4+ Ke8 45. Bxf7+ Kxf7 46. Rd7+
Ke6 47. Rxc7 Nh5 48. Kd3 c5 49. Rxc5 Nf6 50. e4 fxe4+ 51. fxe4 Nd7 52. Rc7 Ne5+
53. Ke3 Nc6 54. Bc3 Nxa5 55. Rg7 Nc4+ 56. Kf4 Ra3 57. Rxg6+ Kf7 58. Rg7+ Ke6
59. Rg3 b5 60. h5 Nd6 61. Rg6+ Kf7 62. Bb4 1-0

[Event "Politiken Cup 2007"]
[Site "Helsingor"]
[Date "2007.07.29"]
[Round "10.22"]
[White "Rossen, Claus"]
[Black "Bae, Torstein"]
[Result "0-1"]
[WhiteElo "2200"]
[BlackElo "2364"]
[PlyCount "112"]
[EventDate "2007.??.??"]

1. d4 Nf6 2. c4 g6 3. Nc3 d5 4. Nf3 Bg7 5. Bg5 Ne4 6. cxd5 Nxg5 7. Nxg5 e6 8.
Qd2 exd5 9. Qe3+ Kf8 10. Qf4 Bf6 11. h4 h6 12. Nf3 Be6 13. O-O-O Nd7 14. Kb1 c6
15. g4 Qb8 16. Qxb8+ Rxb8 17. Rg1 Be7 18. e3 Nf6 19. Ne5 Nd7 20. Nf3 Bd6 21.
Be2 Re8 22. Rc1 Kg7 23. Na4 Nf6 24. Nd2 h5 25. g5 Bf5+ 26. Ka1 Ne4 27. Nxe4
Rxe4 28. Rh1 Bg4 29. Bd3 Re7 30. a3 Rf8 31. Nc3 Re6 32. e4 dxe4 33. Bxe4 Bf4
34. Rcg1 Rd8 35. f3 Bf5 36. d5 Red6 37. Bxf5 gxf5 38. dxc6 bxc6 39. Re1 Re6 40.
Rxe6 fxe6 41. Ne2 Be5 42. f4 Rd2 43. fxe5 Rxe2 44. Rc1 Rxe5 45. Rxc6 f4 46. Rc1
f3 47. Rf1 Re3 48. Kb1 e5 49. Kc2 e4 50. Rf2 Kg6 51. Kd1 Kf5 52. Rc2 Rd3+ 53.
Ke1 e3 54. Rc6 Kg4 55. g6 f2+ 56. Ke2 Rd2+ 0-1